I'm no hero. (Record no. 3478)

000 -LEADER
fixed length control field 00612nam a2200205 a 4500
001 - CONTROL NUMBER
control field :::00001209$&:&@@
003 - CONTROL NUMBER IDENTIFIER
control field OkBaRHE
005 - DATE AND TIME OF LATEST TRANSACTION
control field 20000607103242.0
008 - FIXED-LENGTH DATA ELEMENTS--GENERAL INFORMATION
fixed length control field s1974 j 000 0 eng u
040 ## - CATALOGING SOURCE
Transcribing agency
100 1# - MAIN ENTRY--PERSONAL NAME
Personal name Barrett, Ethel.
245 10 - TITLE STATEMENT
Title I'm no hero.
260 ## - PUBLICATION, DISTRIBUTION, ETC. (IMPRINT)
Place of publication, distribution, etc Glendale, CA., :
Name of publisher, distributor, etc G/L Regal Books
Date of publication, distribution, etc c1974
300 ## - PHYSICAL DESCRIPTION
Extent 150 p. : illus. ;
Dimensions 20 cm.
490 0# - SERIES STATEMENT
Series statement A Regal venture book.
650 ## - SUBJECT ADDED ENTRY--TOPICAL TERM
Topical term or geographic name as entry element Bible Old Testament
General subdivision Biography
650 ## - SUBJECT ADDED ENTRY--TOPICAL TERM
Topical term or geographic name as entry element Christian Life
General subdivision 1960-
942 ## - ADDED ENTRY ELEMENTS (KOHA)
Source of classification or shelving scheme
Koha item type Books
Copies
Not for loan Withdrawn status Barcode Full call number Damaged status Date acquired Koha item type Copy number Lost status Permanent Location Source of classification or shelving scheme Date last seen Shelving location Price effective from
  1209BS 571 .B37 2010-04-14Books1 RHEMA Bible Training College 2010-04-14General Stacks2010-04-14